| 000 | 01218cam a22003378i 4500 | ||
|---|---|---|---|
| 001 | 18142310 | ||
| 003 | Nust- CAS-E | ||
| 005 | 20180118181406.0 | ||
| 008 | 140507s2014 enk b 001 0 eng | ||
| 010 | _a 2014017644 | ||
| 020 | _a9781118653173 (cloth) | ||
| 040 |
_aDLC _beng _cDLC _erda |
||
| 042 | _apcc | ||
| 050 | 0 | 0 |
_aQD273 _b.F83 2014 |
| 082 | 0 | 0 |
_a547 _223 _bFUC-F 2015 |
| 100 | 1 | _aFuchigami, Toshio. | |
| 245 | 1 | 0 |
_aFundamentals and applications of organic electrochemistry : _bsynthesis, materials, devices / _cToshio Fuchigami, Mahito Atobe, Shinsuke Inagi. |
| 263 | _a1412 | ||
| 300 | _apages cm | ||
| 502 | _a0 | ||
| 504 | _aIncludes bibliographical references and index. | ||
| 650 | 0 | _aOrganic electrochemistry. | |
| 650 | 0 | _aElectrochemistry. | |
| 650 | 0 | _aChemistry, Organic. | |
| 700 | 1 |
_aAtobe, Mahito, _d1969- |
|
| 700 | 1 | _aInagi, Shinsuke. | |
| 776 | 0 | 8 |
_iOnline version: _aFuchigami, Toshio. _tFundamentals and applications of organic electrochemistry _dChichester, West Sussex : John Wiley & Sons, Inc., 2014 _z9781118670736 _w(DLC) 2014018459 |
| 906 |
_a7 _bcbc _corignew _d1 _eecip _f20 _gy-gencatlg |
||
| 942 |
_2ddc _cBK |
||
| 999 |
_c355568 _d355568 |
||